000 00911nam a22001817a 4500
003 JO-AjAnu
005 20231211102948.0
008 231211b jo ||||| |||| 00| 0 ara d
040 _bara
_cJO-AjAnu
_dANU
100 _aالقضاة، حسين أحمد فلاح
_964899
_eمعد
245 _aالحماية القانونية الدولية للعلامة التجارية : (دراسة مقارنة) = International legal protection of The Trademark : (comparative study)
_c / اعداد حسين أحمد فلاح القضاة ؛ اشراف طلال العيسى
260 _aعجلون :
_bجامعة عجلون الوطنية،
_c2022
300 _a140 ورقه
500 _aرساله جامعية (ماجستير) - جامعة عجلون الوطنية، 2023
650 _vالعلامة التجارية-قوانين
700 _aطلال العيسى
_964903
_eمشرف
942 _2lcc
_cTHS
_n0
999 _c33268
_d33268